000 00694cam a22002291 4500
001 he 66000495
003 DLC
005 20260227111437.0
008 840307s1965 is abc 000 0 heb
010 _ahe 66000495
035 _a(OCoLC)19149185
040 _aDLC
_cMH
_dCU
_dDLC
043 _af------
050 0 0 _aDT12.2
_b.G5
100 1 _aGilboa, Jehoshua A.
245 1 0 _aUhuru :
_byamim ṿe-lelot be-Afriḳah /
_c[me-et] Yehoshuʻa A. Gilboʻa.
260 _a[Tel Aviv] :
_bMasadah,
_c[1965]
300 _a159 p. :
_bill., map, ports. ;
_c25 cm.
500 _aAdded t.p.: Uhuru; days and nights in Africa.
651 0 _aAfrica
_xDescription and travel.
752 _aIsrael
_dTel Aviv
999 _c31598
_d31598